000 00813nam a2200205 i 4500
001 130732
003 ES-MaACL
005 20250826014846.0
007 t|
008 070807s1934 fr |||| |bfre d
080 _a929 María Cristina de Habsburgo(460)
100 1 _aRomanones, Álvaro de Figueroa y Torres,
_cConde de,
_d1863-1950
_999264
245 1 3 _aLa reine Marie-Christine
_b: régente d'Espagne /
_cComte de Romanones ; traduction et preface d'André Mévil.
260 _aParis :
_bLibrairie Plon,
_c[1934]
300 _a207 p. ;
_c19 cm.
600 0 4 _aMaría Cristina de Habsburgo-Lorena,
_cReina consorte de Alfonso XII, Rey de España,
_d1858-1929
_976659
700 1 _aMévil, André.
_980767
852 _aES-MaACL
_jE-11913
_z. - Biblioteca Jacinto Martínez Lacalle
999 _c130732
_d130732